Vybrané mechanizmy na ochranu pred diskrimináciou a násilím páchanom na ženách
Násilie páchané na ženách ako jedna z najrozšírenejších foriem porušovania ich ľudských práv a zásahu do ľudskej dôstojnosti. Využitie mechanizmu individuálnej sťažnosti - oznámenia CEDAW výboru na príkladoch z Maďarska, Slovenska a Španielska.
Na minha lista:
| Autor principal: | |
|---|---|
| Formato: | Capítulo de Livro |
| Idioma: | eslovaco |
| Assuntos: | |
| Tags: |
Sem tags, seja o primeiro a adicionar uma tag!
|
MARC
| LEADER | 00000naa a2200000 4500 | ||
|---|---|---|---|
| 001 | 0272757 | ||
| 005 | 20210330100040.7 | ||
| 041 | 0 | |a slo | |
| 044 | |a SK | ||
| 245 | 1 | 0 | |a Vybrané mechanizmy na ochranu pred diskrimináciou a násilím páchanom na ženách |c Zuzana Magurová |
| 520 | |a Násilie páchané na ženách ako jedna z najrozšírenejších foriem porušovania ich ľudských práv a zásahu do ľudskej dôstojnosti. Využitie mechanizmu individuálnej sťažnosti - oznámenia CEDAW výboru na príkladoch z Maďarska, Slovenska a Španielska. | ||
| 610 | 2 | 0 | |a diskriminácia rodová |
| 610 | 2 | 0 | |a ženy |
| 610 | 2 | 0 | |a ochrana ľudských práv |
| 610 | 2 | 0 | |a porovnanie medzinárodné |
| 100 | 1 | |a Magurová, Zuzana | |